Normal view
MARC view
- Méndez Herrera, José,
Entry Nombre Personal
001 - NUMERO DE CONTROL
- campo de control: 53404
003 - IDENTIFICADOR DE NUMERO DE CONTROL
- campo de control: DLC
005 - FECHA Y HORA DE LA ÜLTIMA TRANSACCIÓN
- campo de control: 20240903135654.0
008 - DATOS DE LONGITUD FIJA
- campo de control de longitud fija: 240903|| aca||aabn | aaa d
010 ## - NÚMERO DE CONTROL DE LA BIBLIOTECA DEL CONGRESO
- Número de control LC: n 81104947
024 ## - OTROS IDENTIFICADORES NORMALIZADOS
- Fuente: Viaf
- Número normalizado o código: 86546206
035 ## - NUMERO DE CONTROL
- Número de control: (OCoLC)oca00650028
040 ## - FUENTE DE CATALOGACIÓN
- Agencia original de catalogación: DLC
- Lenguaje de catalogación: spa
- Agencia de transcripción: DLC
- Agencia que lo modifica: OCoLC
- Agencia que lo modifica: DLC
- Agencia que lo modifica: MX-MxUPN
100 1# - ENCABEZAMIENTO - NOMBRE PERSONAL
- Nombre personal: Méndez Herrera, José,
- Fechas asociadas con el nombre: 1904-1986
670 ## - FUENTE EN LA QUE SE LOCALIZARON DATOS
- Cita de la fuente: Autoridades LC, 03 septiembre 2024 :
- Información localizada: (Méndez Herrera, José)
- Uniform Resource Identifier: https://lccn.loc.gov/n81104947
670 ## - FUENTE EN LA QUE SE LOCALIZARON DATOS
- Cita de la fuente: Viaf, 03 septiembre 2024 :
- Información localizada: (Méndez Herrera, José 1904-1986)
- Uniform Resource Identifier: http://viaf.org/viaf/86546206
902 ## - CATALOGADOR
- Catalogador: MaríaRobles/030924
